000 00309nam a2200121Ia 4500
008 190216s9999||||xx |||||||||||||| ||und||
100 _aVaish M C
245 0 _aMoney Banking And International Trade
260 _bNew Age International Publishers
_c1996
300 _a661
650 _aEconomics
942 _cBK
999 _c10385
_d10385